| 000 | 00721cam a22002291 4500 | ||
|---|---|---|---|
| 001 | 1591 | ||
| 005 | 20230908121753.0 | ||
| 020 | _a076714004993 | ||
| 040 |
_aDLC _cODaWU _dOCoLC _dTCollA _dDLC _beng |
||
| 050 | 0 | 0 |
_aPZ10.3.H43 _bBl |
| 082 | _a813.54 | ||
| 100 | 1 |
_aHenry, Marguerite, _d1902-1997. |
|
| 245 | 1 | 0 |
_aBlack Gold. _cIllustrated by Wesley Dennis. |
| 260 |
_bSimon & Schuster,Inc _c1957 |
||
| 300 |
_a172 pages : _billustrations ; _c21 cm |
||
| 505 | _aU | ||
| 520 | _aA heroic small-boned horse with a will to win is finally ridden to glory by his devoted jockey. | ||
| 521 |
_a820
_bLexile |
||
| 521 |
_aU
_bRaz-Plus |
||
| 906 |
_a7 _bcbc _coclcrpl _du _encip _f19 _gy-gencatlg |
||
| 942 |
_2ddc _cBK _n0 |
||
| 999 |
_c1591 _d1591 |
||